000 00394nam a22001697a 4500
005 20160627150950.0
008 160627b xxu||||| |||| 00| 0 eng d
020 _a0-14-118215-6
041 _aeng
082 _b10503
100 _aHeisenbery, werner
_92959
245 _aPhysics and Philosophy
260 _bPenguin India
_c2000
300 _a144
650 _aManagement
_9241
942 _cBK
999 _c4280
_d4279